Minden a választó nevében most először megtapasztalhattuk, hogy a látszólag jól döcögő szekeret is tolni kell

Bibliographic Details
Main Authors: Holop, Zsolt, 1972- (Author), Molnár, Norbert (Author)
Format: Article
Language:Hungarian
Subjects:

MARC

LEADER 00000nab a2200000 a 4500
001 vtls000668765
003 SK-MaSNL
005 20260318140726.0
008 160405c1998 xo 0 hun
015 |a SNBRA1998/07-20199 
035 |a CLN000020946 
040 |a SNKBUCL  |b slo  |c SNKBUCL  |e AACR2 
041 0 |a hun 
044 |a xo  |c SK 
080 |a 329.4(437.6)(=945.11)MK  |2 1997 
100 1 |a Holop, Zsolt,  |d 1972-  |4 aut  |9 1042591 
245 1 0 |a Minden a választó nevében  |b most először megtapasztalhattuk, hogy a látszólag jól döcögő szekeret is tolni kell  |c Holop Zsolt, Molnár Norbert 
610 7 |a Maďarská koalícia (Slovensko)  |x strana spolková  |2 snkbucl  |9 895608 
655 7 |a články z novín a časopisov  |2 snkbucl  |9 267496 
700 1 |a Molnár, Norbert  |4 aut  |9 676376 
773 0 |t Új szó  |g Roč. 51, č. 141 (20.6.1998), s. 2 
850 |a Slovenská národná knižnica v Martine 
852 |a SNK  |b KIS3GCP 
958 |a HU 
958 |a SK 
958 |a RBX 
999 |c 1917921  |d 1919851